Semiótica de una traición recuperada (Registro nro. 9147)
[ vista simple ]
| 000 -LEADER | |
|---|---|
| campo de control de longitud fija | 00891nam a2200265 i 4500 |
| 001 - NÚMERO DE CONTROL | |
| campo de control | 9147 |
| 003 - IDENTIFICADOR DE NÚMERO DE CONTROL | |
| campo de control | ES-MaACL |
| 005 - FECHA Y HORA DE LA ÚLTIMA TRANSACCIÓN | |
| campo de control | 20250830052207.0 |
| 007 - CAMPO FIJO DE DESCRIPCIÓN FÍSICA--INFORMACIÓN GENERAL | |
| campo de control de longitud fija | t| |
| 008 - DATOS DE LONGITUD FIJA--INFORMACIÓN GENERAL | |
| campo de control de longitud fija | 930519s1992 sp ||||1| spa d |
| 020 ## - NÚMERO INTERNACIONAL ESTÁNDAR DEL LIBRO | |
| Número Internacional Estándar del Libro | 84-7658-331-1 |
| 080 ## - NÚMERO DE LA CLASIFICACIÓN DECIMAL UNIVERSAL | |
| Número de la Clasificación Decimal Universal | 86(Goytisolo,J.7 R.08) |
| 100 1# - ENTRADA PRINCIPAL--NOMBRE DE PERSONA | |
| Nombre de persona | Martín Morán, José Manuel. |
| 9 (RLIN) | 77576 |
| 245 10 - MENCIÓN DEL TÍTULO | |
| Título | Semiótica de una traición recuperada |
| Resto del título | : génesis poética de Reivindicación del conde don Julian / |
| Mención de responsabilidad, etc. | José Manuel Martín Morán. |
| 250 ## - MENCION DE EDICION | |
| Mención de edición | [1 ed.]. |
| 260 ## - PUBLICACIÓN, DISTRIBUCIÓN, ETC. | |
| Lugar de publicación, distribución, etc. | Barcelona : |
| Nombre del editor, distribuidor, etc. | Anthropos, |
| Fecha de publicación, distribución, etc. | 1992. |
| 300 ## - DESCRIPCIÓN FÍSICA | |
| Extensión | 269 p. ; |
| Dimensiones | 20 cm. |
| 490 1# - MENCIÓN DE SERIE | |
| Mención de serie | Ambitos literarios. Ensayo ; |
| Designación de volumen o secuencia | 41 |
| 500 ## - NOTA GENERAL | |
| Nota general | Bibliofr.: p. 259-266. |
| 600 14 - PUNTO DE ACCESO ADICIONAL DE MATERIA--NOMBRE DE PERSONA | |
| Nombre de persona | Goytisolo, Juan- |
| Subdivisión general | Crítica e interpretación. |
| 9 (RLIN) | 59423 |
| 830 00 - PUNTO DE ACCESO ADICIONAL DE SERIE-TÍTULO UNIFORME | |
| Título uniforme | Ámbitos literarios. |
| Nombre de parte o sección de la obra | Ensayo |
| Designación de volumen o secuencia | 41 |
| 9 (RLIN) | 236239 |
| 852 ## - LOCALIZACIÓN | |
| Ubicación | ES-MaACL |
| Número de control de estantería | L-16612 |
| Sublocalización o colección | R.120180 |
| 942 ## - ELEMENTOS DE ENTRADA SECUNDARIOS (KOHA) | |
| Fuente del sistema de clasificación o colocación | Clasificación decimal universal |
| Estatus retirado | Estado de pérdida | Estado de daño | No para préstamo | Biblioteca de origen | Biblioteca actual | Ubicación en estantería | Fecha de adquisición | Fuente de adquisición | Total de préstamos | Signatura topográfica completa | Código de barras | Visto por última vez | Precio de reemplazo | Tipo de ítem Koha |
|---|---|---|---|---|---|---|---|---|---|---|---|---|---|---|
| Biblioteca del Ateneo de Madrid | Biblioteca del Ateneo de Madrid | Depósito 2 | 17/01/2008 | L-16612 | 1009336 | 23/02/2023 | 23/02/2023 | Libro impreso |
